000 00746nam a2200205Ii 4500
003 JO-AjNU
008 230605s9999||||xx |||||||||||||| ||und||
040 _aJO-AjNU
_bara
_erda
_cJO-AjNU
041 _aara
050 1 4 _aBP135.M38 2002
100 3 _aتصنيف السقاف، حسن بن علي,
_eauthor
_941183
245 0 0 _aمسألة الرؤية : رؤية الله تعالى في الدنيا والآخرة: تخريج أحاديث الرؤية
250 _aط1
264 3 1 _aعمان: دار الامام النووي، 2002
300 _a95ص
336 _atext
_btxt
_2rdacontent
337 _aunmediated
_bn
_2rdamedia
338 _avolume
_bnc
_2rdacarrier
650 4 _aحديث شريف -الررية - الاسلام
_941184
999 _aA17538
_c21106
_d21106